000 00884cam a22002773a 4500
001 24505
003 PGUSA
005 20140828083526.0
008 080203s2008||||xxu|||||s|||||000 | eng d
040 _aPGUSA
_beng
042 _adc
050 4 _aDA
100 1 _aNicholls, H. G.
_q(Henry George),
_d1825-1867
245 1 4 _aThe Forest of Dean :
_bAn Historical and Descriptive Account
_h[electronic resource] /
_cH. G. Nicholls
260 _bProject Gutenberg,
_c2008
506 _aPublic domain in the USA.
516 _aElectronic text
653 _aDean, Forest of (England : Forest)
653 _aTechnology, History of
653 _aEngland -- Description and travel
653 _aIron industry and trade -- England -- Dean, Forest of
653 _aArchaeology
830 0 _aProject Gutenberg
_v24505
856 4 0 _uhttp://www.gutenberg.org/ebooks/24505
942 _cEB
999 _c253760
_d253760